000 00706nam a2200205 a 4500
001 000012973
005 20200929163119.0
008 091118s1967 es a 001 j spa d
040 _aDO-SdBNP
_bspa
_cBNPHU
082 _aES863.42
_bS161c, 1967
100 1 _aSalarrué,
_q(Salvador Salazar Arrué),
_d1899-1975
_923754
245 1 0 _aCuentos de barro /
_cSalarrué.
250 _a5a ed.
260 _aEl Salvador :
_bDirección General de Publicaciones del Ministerio de Educación,
_c1967.
300 _a208, [2] p. :
_bil. ;
_c20 cm.
590 _aUn ejemplar autobiografiado por el autor.
650 4 _aCuentos salvadoreños
_92928
650 4 _aLiteratura salvadoreña
_ySIGLO XX
_914369
049 _aBNGR
999 _c12620
_d12620